Estatísticas para Países que começam com N

Clique aqui para jogar o quiz

Estatísticas Gerais

  • Esse quiz foi jogado 29 861 vezes
  • A pontuação média é 6 de 8

Estatísticas das Respostas

País% Correto
Noruega
92%
Nicarágua
79%
Níger
79%
Nigéria
77%
Nepal
76%
Namíbia
74%
Nova Zelândia
65%
Nauru
61%

Distribuição das Pontuações

Percentil de Números Respondidos

Porcentagem de Pessoas com Cada Pontuação

Sua Pontuação Histórica

Você não jogou esse quiz